Vista normal
Vista MARC
Entrada Materia (tema)
Número de registros utilizados en: 3
001 - CONTROL NUMBER
- control field: 177626
003 - CONTROL NUMBER IDENTIFIER
- control field: Co-BoUCM
005 - DATE AND TIME OF LATEST TRANSACTION
- control field: 20230523155141.0
008 - FIXED-LENGTH DATA ELEMENTS
- fixed length control field: 230523|| aca||aabn | a|a d
040 ## - CATALOGING SOURCE
- Original cataloging agency: Co-BoUCM
- Transcribing agency: Co-BoUCM
150 ## - HEADING--TOPICAL TERM
- Topical term or geographic name as entry element: Expropiacion
- General subdivision: Paraísos fiscales
670 ## - SOURCE DATA FOUND
- Source citation: Work cat.: (Co-BoUCM): Sarmiento, María Gabriela 177624, El proceso legal de recuperación de activos derivados de la corrupción transnacional : , 2022